5HLuxD.jpg

KING HENRY VIII SENIOR AND PRIMARY SCHOOL LIBRARY OPAC

Scaffolding language, scaffolding learning : (Record no. 274)

000 -LEADER
fixed length control field 01429cam a2200409 i 4500
001 - CONTROL NUMBER
control field 021292411
003 - CONTROL NUMBER IDENTIFIER
control field UkOxU
005 - DATE AND TIME OF LATEST TRANSACTION
control field 20190805092337.0
008 - FIXED-LENGTH DATA ELEMENTS--GENERAL INFORMATION
fixed length control field 140508s2015 nhua b 001 0 eng d
010 ## - LIBRARY OF CONGRESS CONTROL NUMBER
LC control number 2014018174
020 ## - INTERNATIONAL STANDARD BOOK NUMBER
International Standard Book Number 9780325056647
Qualifying information paperback : alkaline paper
020 ## - INTERNATIONAL STANDARD BOOK NUMBER
International Standard Book Number 0325056641
Qualifying information paperback : alkaline paper
035 ## - SYSTEM CONTROL NUMBER
System control number (OCoLC)897339708
035 ## - SYSTEM CONTROL NUMBER
System control number (StGlU)b31364329
035 ## - SYSTEM CONTROL NUMBER
System control number (UkLoRLUK)03
038 ## - RECORD CONTENT LICENSOR
Record content licensor OCoLC
040 ## - CATALOGING SOURCE
Original cataloging agency YDXCP
Language of cataloging eng
Description conventions rda
Transcribing agency YDXCP
Modifying agency OCLCO
-- OCLCQ
-- UkOxU
049 ## - LOCAL HOLDINGS (OCLC)
Local processing data o
082 00 - DEWEY DECIMAL CLASSIFICATION NUMBER
Classification number 428.0071 GIB
Edition number 23
100 1# - MAIN ENTRY--PERSONAL NAME
Personal name Gibbons, Pauline,
Dates associated with a name 1946-
Relator term author.
245 10 - TITLE STATEMENT
Title Scaffolding language, scaffolding learning :
Remainder of title teaching English language learners in the mainstream classroom /
Statement of responsibility, etc. Pauline Gibbons.
250 ## - EDITION STATEMENT
Edition statement Second edition.
264 #1 - PRODUCTION, PUBLICATION, DISTRIBUTION, MANUFACTURE, AND COPYRIGHT NOTICE
Place of production, publication, distribution, manufacture Portsmouth, New Hampshire :
Name of producer, publisher, distributor, manufacturer Heinemann,
Date of production, publication, distribution, manufacture, or copyright notice 2015.
264 #4 - PRODUCTION, PUBLICATION, DISTRIBUTION, MANUFACTURE, AND COPYRIGHT NOTICE
Date of production, publication, distribution, manufacture, or copyright notice ©2015
300 ## - PHYSICAL DESCRIPTION
Extent xi, 260 pages :
Other physical details illustrations ;
Dimensions 24 cm
336 ## - CONTENT TYPE
Content type term text
Content type code txt
Source rdacontent
337 ## - MEDIA TYPE
Media type term unmediated
Media type code n
Source rdamedia
338 ## - CARRIER TYPE
Carrier type term volume
Carrier type code nc
Source rdacarrier
504 ## - BIBLIOGRAPHY, ETC. NOTE
Bibliography, etc. note Includes bibliographical references and index.
650 #0 - SUBJECT ADDED ENTRY--TOPICAL TERM
Topical term or geographic name entry element English language
General subdivision Study and teaching
-- Foreign speakers.
650 #0 - SUBJECT ADDED ENTRY--TOPICAL TERM
Topical term or geographic name entry element Interdisciplinary approach in education.
650 #0 - SUBJECT ADDED ENTRY--TOPICAL TERM
Topical term or geographic name entry element Second language acquisition.
650 #0 - SUBJECT ADDED ENTRY--TOPICAL TERM
Topical term or geographic name entry element Language and education.
942 ## - ADDED ENTRY ELEMENTS (KOHA)
Source of classification or shelving scheme
Koha item type Books - Non Ficton
Holdings
Withdrawn status Lost status Source of classification or shelving scheme Damaged status Not for loan Collection code Permanent Location Current Location Shelving location Date acquired Total Checkouts Full call number Barcode Date last seen Date last checked out Price effective from Koha item type
          Non-Fiction KH8 Senior School Library KH8 Senior School Library Non Fiction 2019-08-05 1 428.0071 GIB 3KHSL000101173 2024-10-10 2024-08-22 2019-08-05 Books - Non Ficton

Powered By KH8 IT Dept